[Event "China zt 3.5"]
[Site "Jiangxi"]
[Date "2025.03.30"]
[Round "9"]
[White "Shao, Wenbin"]
[Black "Zhou, Yuxu"]
[Result "1-0"]
[WhiteElo "2151"]
[BlackElo "2101"]
[PlyCount "39"]
[EventDate "2025.03.22"]
[EventType "swiss"]
[EventRounds "9"]
[EventCountry "CHN"]
[SourceTitle "CB14_2025"]
[SourceDate "2024.11.01"]
[SourceVersion "1"]
[SourceVersionDate "2024.11.01"]
[SourceQuality "1"]

1. e4 c5 2. Nf3 d6 3. d4 cxd4 4. Nxd4 Nf6 5. Nc3 a6 6. Be3 e6 7. g4 e5 8. Nf5 g6 9. g5 gxf5 10. exf5 d5 11. gxf6 d4 12. Bc4 Qc7 13. Qd3 dxc3 14. 0-0-0 Nc6 15. Rhe1 b5 16. Bd5 cxb2+ 17. Kb1 Bb7 18. Bb6 Qd6 19. Bxc6+ Bxc6 20. Rxe5+ 1-0

[Event "China zt 3.5"]
[Site "Jiangxi"]
[Date "2025.03.29"]
[Round "8"]
[White "Xie, Jiaxiang"]
[Black "Shao, Wenbin"]
[Result "0-1"]
[WhiteElo "2111"]
[BlackElo "2151"]
[PlyCount "74"]
[EventDate "2025.03.22"]
[EventType "swiss"]
[EventRounds "9"]
[EventCountry "CHN"]
[SourceTitle "CB14_2025"]
[SourceDate "2024.11.01"]
[SourceVersion "1"]
[SourceVersionDate "2024.11.01"]
[SourceQuality "1"]

1. e4 e5 2. Nf3 Nc6 3. Bb5 a6 4. Ba4 b5 5. Bb3 Na5 6. Bxf7+ Kxf7 7. Nxe5+ Ke7 8. d4 Nf6 9. Bg5 Qe8 10. b4 h6 11. Bh4 g5 12. Bg3 Nc6 13. Nc3 Kd8 14. a3 Bb7 15. 0-0 Bg7 16. Nxc6+ Bxc6 17. f3 Nh5 18. Bf2 d6 19. Qd2 Nf4 20. Rfe1 Kc8 21. Nd1 Rf8 22. Ne3 Qf7 23. Rab1 d5 24. Qc3 Kb7 25. e5 h5 26. Nf1 g4 27. Nd2 gxf3 28. Nb3 Ne2+ 29. Rxe2 fxe2 30. Na5+ Kc8 31. Qe3 Bd7 32. Qxe2 Bg4 33. Qe1 Qg6 34. Rb3 Qxc2 35. Rc3 Qd1 36. Qxd1 Bxd1 37. Rg3 Bh6 0-1

[Event "China zt 3.5"]
[Site "Jiangxi"]
[Date "2025.03.27"]
[Round "6"]
[White "Song, Yihang"]
[Black "Shao, Wenbin"]
[Result "1/2-1/2"]
[WhiteElo "1798"]
[BlackElo "2151"]
[PlyCount "45"]
[EventDate "2025.03.22"]
[EventType "swiss"]
[EventRounds "9"]
[EventCountry "CHN"]
[SourceTitle "CB14_2025"]
[SourceDate "2024.11.01"]
[SourceVersion "1"]
[SourceVersionDate "2024.11.01"]
[SourceQuality "1"]

1. d4 d5 2. c4 e6 3. Nf3 Nf6 4. g3 dxc4 5. Bg2 Bb4+ 6. Bd2 a5 7. Qc2 b5 8. a4 Bxd2+ 9. Qxd2 c6 10. axb5 cxb5 11. Qg5 0-0 12. Qxb5 Ba6 13. Qxa5 Qxa5+ 14. Rxa5 Nc6 15. Ra1 Nd5 16. Nc3 Rfb8 17. Nd1 Bb7 18. Rc1 Ra4 19. 0-0 Ba6 20. Re1 Ra2 21. Bf1 Na5 22. Nd2 Nb4 23. Rc3 1/2-1/2

[Event "Prague op 22nd"]
[Site "Prague"]
[Date "2024.01.09"]
[Round "6"]
[White "Shao, Wenbin"]
[Black "Elashvili, Giorgi"]
[Result "1/2-1/2"]
[WhiteElo "2112"]
[BlackElo "1942"]
[PlyCount "110"]
[EventDate "2024.01.05"]
[EventType "swiss"]
[EventRounds "9"]
[EventCountry "CZE"]
[SourceTitle "CBM 218 Extra"]
[Source "ChessBase"]
[SourceDate "2024.03.31"]
[SourceVersion "1"]
[SourceVersionDate "2024.03.31"]
[SourceQuality "1"]

1. e4 c5 2. Nf3 Nc6 3. d4 cxd4 4. Nxd4 g6 5. Nc3 Bg7 6. Be3 Nf6 7. Bc4 0-0 8. Bb3 Re8 9. h4 d5 10. exd5 Nb4 11. Nde2 e6 12. d6 Nbd5 13. Bg5 Qxd6 14. Qd2 Qe5 15. f3 b6 16. 0-0-0 Ba6 17. Rhe1 Nxc3 18. Nxc3 Qf5 19. Qd6 h6 20. Be3 Rac8 21. Qd2 Bc4 22. Bxh6 Bh8 23. Qg5 Qxg5+ 24. Bxg5 Bxb3 25. axb3 Nh7 26. Ne4 Rc6 27. Be3 Rec8 28. c3 Nf6 29. Bd4 Nd5 30. Bxh8 Kxh8 31. Kb1 b5 32. g3 Kg7 33. Rd4 a5 34. Ng5 R8c7 35. Ne4 Rc8 36. Nf2 Nf6 37. Nd3 Nd5 38. Ne5 R6c7 39. Ng4 Ne7 40. Ne3 Nf5 41. Nxf5+ gxf5 42. g4 Kf6 43. Kc2 Rc5 44. Ra1 b4 45. c4 Rg8 46. Rad1 Rh8 47. Rh1 Kg6 48. Kd2 fxg4 49. fxg4 Re5 50. Rh2 Rh7 51. Kd3 f6 52. Rd8 Rg7 53. Rf2 Rh7 54. Rh2 Re1 55. Kc2 Rg1 1/2-1/2

[Event "CHN-ch sf"]
[Site "Hefei"]
[Date "2023.04.28"]
[Round "11"]
[White "Shao, Wenbin"]
[Black "Zhang, Qianyi"]
[Result "1-0"]
[WhiteElo "2236"]
[BlackElo "1762"]
[PlyCount "73"]
[EventDate "2023.04.23"]
[EventType "swiss"]
[EventRounds "11"]
[EventCountry "CHN"]
[SourceTitle "CBM 214 Extra"]
[Source "ChessBase"]
[SourceDate "2023.07.31"]
[SourceVersion "1"]
[SourceVersionDate "2023.07.31"]
[SourceQuality "1"]

1. e4 c5 2. Nf3 d6 3. d4 cxd4 4. Nxd4 Nf6 5. Nc3 a6 6. f4 e5 7. Nf3 Qc7 8. Bd3 Be6 9. 0-0 Nbd7 10. Kh1 Be7 11. Qe1 exf4 12. Bxf4 Ne5 13. Nd4 0-0 14. Bg5 Rfe8 15. Nf5 Bxf5 16. Rxf5 Qd8 17. Qd2 Nfd7 18. Be3 Bf8 19. Nd5 h6 20. Raf1 Re6 21. h3 Rc8 22. Qf2 Qe8 23. Qh4 Qd8 24. Qg3 Kh7 25. Bd4 f6 26. c3 g6 27. R5f2 Bg7 28. Bc2 Re8 29. Bb3 Rf8 30. Nf4 Qe7 31. Be6 g5 32. Bf5+ Kh8 33. Bxe5 gxf4 34. Qg6 Kg8 35. Bxf4 Ne5 36. Bxe5 Qxe5 37. Qh7+ 1-0

[Event "CHN-ch sf"]
[Site "Hefei"]
[Date "2023.04.27"]
[Round "10"]
[White "Qu, Haoming"]
[Black "Shao, Wenbin"]
[Result "1/2-1/2"]
[WhiteElo "1708"]
[BlackElo "2236"]
[PlyCount "26"]
[EventDate "2023.04.23"]
[EventType "swiss"]
[EventRounds "11"]
[EventCountry "CHN"]
[SourceTitle "CBM 214 Extra"]
[Source "ChessBase"]
[SourceDate "2023.07.31"]
[SourceVersion "1"]
[SourceVersionDate "2023.07.31"]
[SourceQuality "1"]

1. d4 Nf6 2. c4 e6 3. g3 Be7 4. Bg2 d5 5. Nf3 0-0 6. 0-0 dxc4 7. Qa4 a6 8. Qxc4 b5 9. Qc2 Bb7 10. Bd2 Be4 11. Qc1 Bb7 12. Qc2 Be4 13. Qc1 Bb7 1/2-1/2

[Event "CHN-ch sf"]
[Site "Hefei"]
[Date "2023.04.26"]
[Round "8"]
[White "Shao, Wenbin"]
[Black "Chen, Zimu"]
[Result "1/2-1/2"]
[WhiteElo "2236"]
[BlackElo "1823"]
[PlyCount "78"]
[EventDate "2023.04.23"]
[EventType "swiss"]
[EventRounds "11"]
[EventCountry "CHN"]
[SourceTitle "CBM 214 Extra"]
[Source "ChessBase"]
[SourceDate "2023.07.31"]
[SourceVersion "1"]
[SourceVersionDate "2023.07.31"]
[SourceQuality "1"]

1. e4 Nf6 2. e5 Nd5 3. d4 d6 4. Nf3 g6 5. Bc4 Nb6 6. Bb3 Bg7 7. Qe2 Nc6 8. 0-0 0-0 9. h3 dxe5 10. dxe5 Nd4 11. Nxd4 Qxd4 12. Re1 e6 13. Nd2 h6 14. Nf3 Qc5 15. h4 Bd7 16. c3 Bb5 17. Qe4 Bc6 18. Qg4 h5 19. Qg3 Bxf3 20. Qxf3 c6 21. Be3 Qa5 22. Bg5 Rfe8 23. Bf6 Bxf6 24. Qxf6 Nd5 25. Qg5 Qd8 26. Qg3 Qc7 27. Rad1 Rad8 28. Bc2 Ne7 29. Rd6 Nc8 30. Rxd8 Rxd8 31. Bxg6 fxg6 32. Qxg6+ Qg7 33. Qxh5 Ne7 34. Re4 Qh7 35. Qg5+ Qg6 36. Qe3 Nd5 37. Qe2 Kh7 38. Kh2 Rg8 39. g3 Rf8 1/2-1/2

[Event "CHN-ch sf"]
[Site "Hefei"]
[Date "2023.04.25"]
[Round "5"]
[White "Yu, Shi"]
[Black "Shao, Wenbin"]
[Result "0-1"]
[WhiteElo "1569"]
[BlackElo "2236"]
[PlyCount "108"]
[EventDate "2023.04.23"]
[EventType "swiss"]
[EventRounds "11"]
[EventCountry "CHN"]
[SourceTitle "CBM 214 Extra"]
[Source "ChessBase"]
[SourceDate "2023.07.31"]
[SourceVersion "1"]
[SourceVersionDate "2023.07.31"]
[SourceQuality "1"]

1. e4 c5 2. Nf3 d6 3. d4 cxd4 4. Nxd4 Nf6 5. Nc3 Nc6 6. Bg5 e6 7. Qd3 a6 8. Nxc6 bxc6 9. 0-0-0 Qa5 10. f4 Be7 11. Be2 Rb8 12. b3 d5 13. exd5 cxd5 14. Kb2 0-0 15. f5 exf5 16. Bf4 Rb6 17. Be3 Rc6 18. Bd2 Be6 19. Kb1 Rfc8 20. Na4 Qc7 21. c3 Ne4 22. Be1 Bf6 23. Rc1 f4 24. Qc2 Bf5 25. Bd3 Qa7 26. Rf1 Be5 27. h3 Bg6 28. Bd2 Qc7 29. Kb2 Qd6 30. Be1 h6 31. Rf3 Qf6 32. g3 Qg5 33. gxf4 Bxf4 34. Rb1 Be5 35. Rc1 Qe7 36. Bd2 Qc7 37. Rff1 Qb8 38. Rf3 Qd6 39. Be1 Qe6 40. Bd2 Bf5 41. Re1 Bg6 42. Rc1 Bf6 43. Re1 Qe5 44. Rff1 Qc7 45. Bxe4 Bxe4 46. Qd1 Qa5 47. Qc1 Bd3 48. Rf3 Bb5 49. Rxf6 Rxf6 50. c4 Qd8 51. c5 Bxa4 52. bxa4 Rfc6 53. Be3 d4 54. Bf4 Rxc5 0-1

[Event "Novi Sad TS 108th"]
[Site "Novi Sad"]
[Date "2019.02.16"]
[Round "9"]
[White "Naumkin, Igor"]
[Black "Shao, Wenbin"]
[Result "1/2-1/2"]
[WhiteElo "2383"]
[BlackElo "2236"]
[PlyCount "67"]
[EventDate "2019.02.12"]
[EventType "swiss"]
[EventRounds "9"]
[EventCountry "SRB"]
[SourceTitle "CBM 189 Extra"]
[Source "ChessBase"]
[SourceDate "2019.05.31"]
[SourceVersion "1"]
[SourceVersionDate "2019.05.31"]
[SourceQuality "1"]

1. d4 Nf6 2. c4 g6 3. Nc3 d5 4. cxd5 Nxd5 5. e4 Nxc3 6. bxc3 Bg7 7. Bc4 c5 8. Ne2 Nc6 9. Be3 0-0 10. 0-0 b6 11. e5 Na5 12. Bd3 Bb7 13. Qd2 cxd4 14. cxd4 Rc8 15. Rad1 Nc4 16. Bxc4 Rxc4 17. Bh6 e6 18. Bxg7 Kxg7 19. Qf4 Rc2 20. Rfe1 Qe7 21. Qg3 Rfc8 22. Nf4 Kf8 23. h4 R8c3 24. f3 Rxa2 25. Kh1 Rcc2 26. Rc1 h6 27. Red1 g5 28. Rxc2 Rxc2 29. Nh5 Qa3 30. hxg5 Rc1 31. Qe1 Rxd1 32. Qxd1 Qe3 33. Nf6 hxg5 34. Qa4 1/2-1/2

[Event "Novi Sad TS IM 109th"]
[Site "Novi Sad"]
[Date "2019.02.09"]
[Round "5"]
[White "Sredojevic, Ivan"]
[Black "Shao, Wenbin"]
[Result "1/2-1/2"]
[WhiteElo "2282"]
[BlackElo "2153"]
[PlyCount "31"]
[EventDate "2019.02.07"]
[EventType "tourn"]
[EventRounds "9"]
[EventCountry "SRB"]
[SourceTitle "CBM 189 Extra"]
[Source "ChessBase"]
[SourceDate "2019.05.31"]
[SourceVersion "1"]
[SourceVersionDate "2019.05.31"]
[SourceQuality "1"]

1. e4 c5 2. Nf3 d6 3. d4 cxd4 4. Qxd4 Nc6 5. Bb5 Bd7 6. Bxc6 Bxc6 7. c4 Nf6 8. Nc3 e6 9. 0-0 Be7 10. Qd3 0-0 11. Rd1 Qa5 12. Nd4 Rac8 13. b3 Qh5 14. Ba3 a6 15. Nxc6 Rxc6 16. Qg3 1/2-1/2

[Event "Novi Sad TS IM 65th"]
[Site "Novi Sad"]
[Date "2018.02.14"]
[Round "5"]
[White "Dimitrijevic, Nenad"]
[Black "Shao, Wenbin"]
[Result "1/2-1/2"]
[WhiteElo "2248"]
[BlackElo "2033"]
[PlyCount "41"]
[EventDate "2018.02.11"]
[EventType "tourn"]
[EventRounds "9"]
[EventCountry "SRB"]
[SourceTitle "CBM 183 Extra"]
[Source "ChessBase"]
[SourceDate "2018.04.19"]
[SourceVersion "1"]
[SourceVersionDate "2018.04.19"]
[SourceQuality "1"]

1. e4 c5 2. c4 Nc6 3. Nc3 g6 4. g3 Bg7 5. Bg2 Nf6 6. Nge2 0-0 7. d3 d6 8. 0-0 a6 9. h3 Rb8 10. a4 Ne8 11. Be3 Nd4 12. Rb1 Nc7 13. b4 Nce6 14. b5 axb5 15. axb5 b6 16. f4 f5 17. exf5 Nxf5 18. Bf2 Bb7 19. Nd5 Kh8 20. g4 Nfd4 21. Nxd4 1/2-1/2

[Event "Novi Sad TS IM 65th"]
[Site "Novi Sad"]
[Date "2018.02.14"]
[Round "6"]
[White "Shao, Wenbin"]
[Black "Savic, Miodrag R"]
[Result "0-1"]
[WhiteElo "2033"]
[BlackElo "2505"]
[PlyCount "104"]
[EventDate "2018.02.11"]
[EventType "tourn"]
[EventRounds "9"]
[EventCountry "SRB"]
[SourceTitle "CBM 183 Extra"]
[Source "ChessBase"]
[SourceDate "2018.04.19"]
[SourceVersion "1"]
[SourceVersionDate "2018.04.19"]
[SourceQuality "1"]

1. e4 d5 2. exd5 Qxd5 3. Nc3 Qa5 4. d4 c6 5. Nf3 Nf6 6. Bc4 Bg4 7. h3 Qh5 8. Be2 e6 9. 0-0 Bxf3 10. Bxf3 Qa5 11. Bf4 Nbd7 12. Ne4 Nxe4 13. Bxe4 Nf6 14. Bd3 Rd8 15. c3 Bd6 16. Bxd6 Rxd6 17. Qf3 0-0 18. a3 Rfd8 19. Rad1 Qd5 20. Qe2 c5 21. c4 Qh5 22. dxc5 Qxc5 23. b4 Qc7 24. Bc2 b6 25. Rxd6 Rxd6 26. Rd1 g6 27. Rxd6 Qxd6 28. g3 Kg7 29. Qe3 Nd7 30. Ba4 Nf6 31. Kf1 e5 32. Ke2 Qe6 33. Bb3 e4 34. c5 Qe5 35. Qc1 bxc5 36. bxc5 Qh5+ 37. Ke1 Qf3 38. Qc4 e3 39. Qxf7+ Kh6 40. Qf8+ Kh5 41. g4+ Kg5 42. h4+ Kxg4 43. fxe3 Qxe3+ 44. Kf1 Qd3+ 45. Kg1 Qb1+ 46. Kg2 Qb2+ 47. Kg1 Qb1+ 48. Kg2 Qe4+ 49. Kg1 Kh3 50. Kf1 Qf3+ 51. Ke1 Qe3+ 52. Kf1 Ng4 0-1

[Event "Novi Sad TS IM 65th"]
[Site "Novi Sad"]
[Date "2018.02.13"]
[Round "4"]
[White "Shao, Wenbin"]
[Black "Stocko, Josip"]
[Result "1-0"]
[WhiteElo "2033"]
[BlackElo "2308"]
[PlyCount "69"]
[EventDate "2018.02.11"]
[EventType "tourn"]
[EventRounds "9"]
[EventCountry "SRB"]
[SourceTitle "CBM 183 Extra"]
[Source "ChessBase"]
[SourceDate "2018.04.19"]
[SourceVersion "1"]
[SourceVersionDate "2018.04.19"]
[SourceQuality "1"]

1. e4 c5 2. Nf3 d6 3. d4 cxd4 4. Nxd4 Nf6 5. Nc3 a6 6. f4 e5 7. Nf3 Qc7 8. Bd3 Be7 9. 0-0 0-0 10. Kh1 b5 11. a3 Bb7 12. fxe5 dxe5 13. Qe1 Nbd7 14. Nh4 Rfd8 15. Nf5 Bf8 16. Bg5 Qb6 17. Qh4 Rdc8 18. Rf3 b4 19. axb4 Qxb4 20. Raf1 Rc6 21. Rg3 Kh8 22. Rh3 Rb6 23. Nxg7 Bxg7 24. Rxf6 h6 25. Rxf7 Qxb2 26. Ne2 Rf8 27. Rxd7 Qa1+ 28. Nc1 Rbf6 29. Rf3 Rf4 30. Bxf4 exf4 31. Rxb7 Qxc1+ 32. Rf1 Qe3 33. Qe7 Qd4 34. e5 Rg8 35. Qe6 1-0

[Event "CHN-chB"]
[Site "Qinhuangdao"]
[Date "2017.07.17"]
[Round "3"]
[White "Shao, Wenbin"]
[Black "Lan, Zilun"]
[Result "1/2-1/2"]
[WhiteElo "2018"]
[BlackElo "2357"]
[PlyCount "49"]
[EventDate "2017.07.16"]
[EventType "swiss"]
[EventRounds "11"]
[EventCountry "CHN"]
[SourceTitle "CBM 179 Extra"]
[Source "ChessBase"]
[SourceDate "2017.08.23"]
[SourceVersion "1"]
[SourceVersionDate "2017.08.23"]
[SourceQuality "1"]

1. e4 c6 2. d4 d5 3. exd5 cxd5 4. Bd3 Nf6 5. c3 b6 6. Bf4 e6 7. Nf3 Bd6 8. Bxd6 Qxd6 9. 0-0 0-0 10. Re1 Ba6 11. Bc2 Nc6 12. Ne5 Qc7 13. Nd2 Nxe5 14. dxe5 Nd7 15. Nf3 h6 16. Qd2 f6 17. exf6 Rxf6 18. Re3 Raf8 19. Rae1 Qf4 20. Qd4 Qd6 21. Bb1 Bb5 22. a4 Ba6 23. Qh4 Bc8 24. Qd4 Ba6 25. Qh4 1/2-1/2

[Event "Harbin U20 op"]
[Site "Harbin"]
[Date "2017.01.22"]
[Round "9"]
[White "Lu, Jiahan"]
[Black "Shao, Wenbin"]
[Result "0-1"]
[WhiteElo "1737"]
[BlackElo "2019"]
[PlyCount "60"]
[EventDate "2017.01.18"]
[EventType "swiss"]
[EventRounds "9"]
[EventCountry "CHN"]
[SourceTitle "EXT 2018"]
[Source "ChessBase"]
[SourceDate "2017.10.13"]
[SourceVersion "1"]
[SourceVersionDate "2017.10.13"]
[SourceQuality "1"]

1. e4 c5 2. Nc3 Nc6 3. g3 g6 4. Bg2 Bg7 5. d3 e6 6. Nge2 Nge7 7. Be3 b6 8. Qd2 Bb7 9. 0-0 0-0 10. d4 cxd4 11. Nxd4 Ne5 12. Qe2 Qc8 13. Ndb5 Nc4 14. Bg5 f6 15. Bc1 a6 16. Nd4 b5 17. b3 Nb6 18. Bb2 e5 19. Nf3 b4 20. Nd1 d5 21. exd5 Nbxd5 22. Ne3 Nxe3 23. fxe3 Qc5 24. Kh1 Rac8 25. Rfd1 Nf5 26. Rd2 Nxe3 27. Bh3 Rcd8 28. Bg2 Nxg2 29. Rxd8 Rxd8 30. Qxg2 Rd2 0-1

[Event "Harbin U20 op"]
[Site "Harbin"]
[Date "2017.01.19"]
[Round "3"]
[White "Wang, Tongsen"]
[Black "Shao, Wenbin"]
[Result "1-0"]
[WhiteElo "2362"]
[BlackElo "2019"]
[PlyCount "89"]
[EventDate "2017.01.18"]
[EventType "swiss"]
[EventRounds "9"]
[EventCountry "CHN"]
[SourceTitle "EXT 2018"]
[Source "ChessBase"]
[SourceDate "2017.10.13"]
[SourceVersion "1"]
[SourceVersionDate "2017.10.13"]
[SourceQuality "1"]

1. e4 c5 2. Nf3 d6 3. d4 cxd4 4. Nxd4 Nf6 5. Nc3 Nc6 6. Bg5 e6 7. Qd2 a6 8. 0-0-0 Bd7 9. f4 b5 10. Bxf6 gxf6 11. Kb1 Qb6 12. Nce2 h5 13. g3 Rc8 14. Bh3 Rc7 15. f5 e5 16. Nb3 b4 17. c3 a5 18. cxb4 Nxb4 19. Nc3 a4 20. Nc1 a3 21. Nb3 axb2 22. a3 Bh6 23. Qxb2 Qe3 24. Rc1 Rxc3 25. Qxc3 Qxe4+ 26. Ka1 Bxc1 27. Rxc1 Nd5 28. Qd2 Qa4 29. Ka2 h4 30. g4 Nf4 31. Qxd6 Nxh3 32. Qb8+ Ke7 33. Qxh8 Qxg4 34. Qb8 Nf4 35. Qb4+ Ke8 36. Nc5 Bxf5 37. Qb8+ Ke7 38. a4 Qe2+ 39. Ka3 Qf3+ 40. Nb3 Nd5 41. a5 Qd3 42. Qb7+ Kf8 43. a6 Nc3 44. Rxc3 Qxc3 45. a7 1-0